000 00649nam a2200217 i 4500
001 bg
100 1 _aDANECKA, Irena.
245 1 0 _aKak dela? 3 :
_bdobro požalovat' v Rossiju! : język rosyjski dla zaawansowanych /
_cIrena Danecka.
260 _aWarszawa :
_bWydaw. Szkolne PWN,
_c1998.
300 _a111, [1] s. :
_bil. kolor., fot., 2 mapy., portr., 1 wykr. ;
_c24 cm.
504 _aBibliogr. s. 111.
650 9 _aJęzyk rosyjski
655 _aPodręczniki
020 _a8371951086
040 _cBPK
041 2 _aru
080 _a811.161.1(07)
920 _a83-7195-108-6
942 _cKS
008 s pl f |000 0 pol
999 _c37353
_d37353